[Event "Londrina op"]
[Site "Londrina"]
[Date "2024.11.09"]
[Round "4"]
[White "Shintate Junior, Paulo Sunao"]
[Black "Andrade, Moacir Belarmino F"]
[Result "0-1"]
[WhiteElo "1721"]
[BlackElo "1652"]
[PlyCount "56"]
[EventDate "2024.11.08"]
[EventType "swiss"]
[EventRounds "6"]
[EventCountry "BRA"]
[SourceTitle "CB45_2024"]
[Source "ChessBase"]
[SourceDate "2024.11.06"]
[SourceVersion "1"]
[SourceVersionDate "2024.11.06"]
[SourceQuality "1"]

1. d4 d5 2. c4 c6 3. Nf3 Nf6 4. Nc3 Na6 5. cxd5 Nxd5 6. e4 Ndc7 7. Bc4 b5 8. Be2 e6 9. 0-0 Be7 10. Be3 0-0 11. Ne5 Bb7 12. a3 Nb8 13. Qc2 f6 14. Nf3 Nd7 15. Rad1 Nb6 16. d5 exd5 17. Bxb6 axb6 18. exd5 cxd5 19. Nxb5 Rc8 20. Nxc7 Rxc7 21. Qb3 Bc5 22. Nd4 Re7 23. Bf3 Kh8 24. Qb5 Qa8 25. b4 Bxd4 26. Rxd4 Ba6 27. Bxd5 Bxb5 28. Bxa8 Rxa8 0-1

[Event "Londrina op"]
[Site "Londrina"]
[Date "2024.11.08"]
[Round "2"]
[White "Starke, Bruno Orlando"]
[Black "Andrade, Moacir Belarmino F"]
[Result "1-0"]
[WhiteElo "2126"]
[BlackElo "1652"]
[PlyCount "157"]
[EventDate "2024.11.08"]
[EventType "swiss"]
[EventRounds "6"]
[EventCountry "BRA"]
[SourceTitle "CB45_2024"]
[Source "ChessBase"]
[SourceDate "2024.11.06"]
[SourceVersion "1"]
[SourceVersionDate "2024.11.06"]
[SourceQuality "1"]

1. c4 e5 2. g3 Nf6 3. Bg2 Nc6 4. Nc3 Bc5 5. e3 0-0 6. Nge2 a6 7. d4 exd4 8. exd4 Be7 9. 0-0 d6 10. b3 Bf5 11. d5 Ne5 12. f4 Ng6 13. Nd4 Bd7 14. h3 Qc8 15. Kh2 Re8 16. Bb2 Bf8 17. Qd2 Ne7 18. Rae1 Ng6 19. Rxe8 Qxe8 20. Re1 Be7 21. a4 Qf8 22. a5 Re8 23. b4 Bd8 24. Ba3 b6 25. axb6 cxb6 26. Nc6 Bc7 27. Bb2 Rxe1 28. Qxe1 Qe8 29. Qxe8+ Bxe8 30. Na4 Nd7 31. h4 Kf8 32. Bd4 Ne7 33. Bxg7+ Kxg7 34. Nxe7 Nf6 35. Nc3 Ng4+ 36. Kg1 Ne3 37. Bf1 Nc2 38. Na2 Kf6 39. Nc6 Bxc6 40. dxc6 Nd4 41. b5 a5 42. Nc3 Ke7 43. Bd3 h6 44. Kf2 Ne6 45. Ke3 Bd8 46. h5 Kf8 47. g4 Ke8 48. Bc2 Nc5 49. Nd5 Ne6 50. Ke4 a4 51. f5 a3 52. Nb4 Ng5+ 53. Kd5 Nf3 54. Bb3 Bc7 55. Nc2 Nh2 56. Ne3 Nf3 57. Ba2 Ke7 58. Ke4 Nd2+ 59. Kd3 Nf3 60. f6+ Kd8 61. Ke4 Nd2+ 62. Kf5 Nf3 63. Nc2 d5 64. cxd5 Bd6 65. Ke4 Ng5+ 66. Kd3 Kc7 67. Ne3 Bf8 68. Nf5 Nh7 69. d6+ Bxd6 70. Nxh6 Nxf6 71. Bxf7 Bf4 72. Ng8 Nxg4 73. Ba2 Kd6 74. Ke4 Bc1 75. Kf5 Ne3+ 76. Kg6 Nd1 77. Nf6 Nc3 78. Ne8+ Ke7 79. c7 1-0

[Event "Concordia op 6th"]
[Site "Concordia"]
[Date "2022.10.15"]
[Round "7"]
[White "Andrade, Moacir Belarmino F"]
[Black "Ribeiro, Maria Eduarda Thibe"]
[Result "1-0"]
[WhiteElo "1447"]
[BlackElo "1022"]
[PlyCount "91"]
[EventDate "2022.10.12"]
[EventType "swiss"]
[EventRounds "9"]
[EventCountry "BRA"]
[SourceTitle "CBM 210 Extra"]
[Source "ChessBase"]
[SourceDate "2022.11.30"]
[SourceVersion "1"]
[SourceVersionDate "2022.11.30"]
[SourceQuality "1"]

1. d4 d5 2. c4 c6 3. Nc3 Nf6 4. Bg5 e6 5. Nf3 Be7 6. e3 Nbd7 7. Be2 0-0 8. h4 b6 9. h5 h6 10. Bf4 Bb7 11. Qc2 c5 12. Ne5 cxd4 13. exd4 Nxe5 14. dxe5 Nd7 15. cxd5 exd5 16. 0-0 Rc8 17. Qf5 Re8 18. Bd3 Bg5 19. Qh7+ Kf8 20. Qh8+ Ke7 21. Bxg5+ hxg5 22. Qxg7 Rg8 23. Qh6 Qf8 24. Qd6+ Kd8 25. Qxf8+ Rxf8 26. Bf5 Ke7 27. Rad1 Rc5 28. Bxd7 Kxd7 29. Ne4 Rc2 30. Nxg5 Rxb2 31. f4 f6 32. Nh7 Rf7 33. Nxf6+ Ke7 34. Rf2 Rxf2 35. Kxf2 Ke6 36. g4 a5 37. h6 Rf8 38. Ke3 Rh8 39. h7 b5 40. Kd4 b4 41. f5+ Kf7 42. g5 a4 43. g6+ Kg7 44. Rc1 Ba6 45. Rc7+ Kh6 46. g7 1-0

[Event "Timbo U2200 op 2nd"]
[Site "Timbo"]
[Date "2022.08.14"]
[Round "6"]
[White "Weise, William Ferreira"]
[Black "Andrade, Moacir Belarmino F"]
[Result "1/2-1/2"]
[WhiteElo "1874"]
[BlackElo "1448"]
[PlyCount "85"]
[EventDate "2022.08.12"]
[EventType "swiss"]
[EventRounds "6"]
[EventCountry "BRA"]
[SourceTitle "EXT 2024"]
[Source "ChessBase"]
[SourceDate "2023.10.10"]
[SourceVersion "1"]
[SourceVersionDate "2023.10.10"]
[SourceQuality "1"]

1. e4 e5 2. Nf3 Nc6 3. Bb5 d6 4. d4 exd4 5. Nxd4 Bd7 6. Bxc6 bxc6 7. 0-0 Nf6 8. Nc3 Be7 9. Re1 0-0 10. f3 c5 11. Nb3 Re8 12. Nd5 Nxd5 13. exd5 c6 14. Bf4 cxd5 15. Qxd5 Be6 16. Qd2 a5 17. Rad1 a4 18. Nc1 d5 19. Be5 Bf6 20. Qf4 Bg5 21. Qg3 g6 22. Bc7 Qd7 23. Qxg5 Qxc7 24. Nd3 c4 25. Nf2 Rab8 26. Qf6 Qb6 27. Kf1 Qxb2 28. Ng4 h5 29. Qxb2 Rxb2 30. Nf6+ Kf8 31. Nxe8 Kxe8 32. Rxd5 Rxa2 33. Ra5 Kf8 34. c3 Bf5 35. Ra7 a3 36. Ree7 Be6 37. Reb7 Ra1+ 38. Kf2 a2 39. Rb2 Rc1 40. Rbxa2 Rxc3 41. R7a3 Rc1 42. Ke3 Kg7 43. g3 1/2-1/2

[Event "Timbo U2200 op 2nd"]
[Site "Timbo"]
[Date "2022.08.12"]
[Round "1"]
[White "Boeck, Moacir Luis"]
[Black "Andrade, Moacir Belarmino F"]
[Result "1-0"]
[WhiteElo "1868"]
[BlackElo "1448"]
[PlyCount "80"]
[EventDate "2022.08.12"]
[EventType "swiss"]
[EventRounds "6"]
[EventCountry "BRA"]
[SourceTitle "EXT 2024"]
[Source "ChessBase"]
[SourceDate "2023.10.10"]
[SourceVersion "1"]
[SourceVersionDate "2023.10.10"]
[SourceQuality "1"]

1. e4 e6 2. Qe2 Nc6 3. Nf3 Nf6 4. d4 d5 5. e5 Ne4 6. Nbd2 Nxd2 7. Bxd2 Be7 8. Qe3 a6 9. Bd3 Nb4 10. Bxb4 Bxb4+ 11. c3 Be7 12. h4 h5 13. Ng5 Bxg5 14. hxg5 Bd7 15. g4 g6 16. gxh5 Qe7 17. h6 0-0-0 18. 0-0 Kb8 19. b3 Qa3 20. Qc1 Qe7 21. Rd1 c5 22. Bf1 Rc8 23. Qe3 cxd4 24. cxd4 Qa3 25. Rdc1 Rxc1 26. Qxc1 Qb4 27. Qb2 Rc8 28. a3 Qe7 29. f4 Qd8 30. Rc1 Bc6 31. Rc5 b6 32. Rc3 Bb7 33. Qc1 Qf8 34. Rxc8+ Bxc8 35. Qc6 Ka7 36. Qc7+ Bb7 37. b4 a5 38. bxa5 Qe8 39. axb6+ Ka8 40. Bb5 Qxb5 1-0

[Event "Florianopolis Winter op 6th"]
[Site "Florianopolis"]
[Date "2022.07.16"]
[Round "7"]
[White "Andrade, Moacir Belarmino F"]
[Black "Zhong, Lanxin"]
[Result "1-0"]
[WhiteElo "1446"]
[BlackElo "1383"]
[PlyCount "115"]
[EventDate "2022.07.13"]
[EventType "swiss"]
[EventRounds "9"]
[EventCountry "BRA"]
[SourceTitle "CBM 209 Extra"]
[Source "ChessBase"]
[SourceDate "2022.09.30"]
[SourceVersion "1"]
[SourceVersionDate "2022.09.30"]
[SourceQuality "1"]

1. d4 Nf6 2. c4 e6 3. e3 d5 4. Nf3 b6 5. a3 Bd6 6. Nc3 a6 7. Be2 Bb7 8. h3 0-0 9. 0-0 c5 10. Rb1 dxc4 11. Bxc4 b5 12. Be2 Nbd7 13. Re1 e5 14. dxe5 Nxe5 15. Nxe5 Bxe5 16. Bf3 Bxf3 17. Qxf3 Qd3 18. Rd1 Qc4 19. Bd2 Rad8 20. Be1 Qe6 21. Rxd8 Rxd8 22. Rd1 Rxd1 23. Qxd1 g6 24. Qd2 Qd7 25. Qxd7 Nxd7 26. f4 Bb8 27. Kf2 f5 28. Kf3 Nf6 29. g4 fxg4+ 30. hxg4 h6 31. e4 Kf7 32. e5 Nd7 33. Bg3 g5 34. Ke4 c4 35. f5 Ke7 36. Kd5 Nb6+ 37. Kc6 Nd7 38. e6 Ne5+ 39. Bxe5 Bxe5 40. Nd5+ Kd8 41. f6 Bxf6 42. Nxf6 Ke7 43. Kd5 a5 44. Ne4 b4 45. axb4 axb4 46. Ke5 h5 47. gxh5 g4 48. h6 g3 49. Nxg3 c3 50. h7 Kd8 51. h8Q+ Kc7 52. Qh7+ Kc6 53. e7 Kd7 54. Ne4 cxb2 55. Nf6+ Kc6 56. e8Q+ Kb6 57. Nd5+ Ka5 58. Qa7# 1-0

[Event "Florianopolis Winter op 6th"]
[Site "Florianopolis"]
[Date "2022.07.14"]
[Round "3"]
[White "Andrade, Moacir Belarmino F"]
[Black "Desideri, Enzo Piuchi"]
[Result "1-0"]
[WhiteElo "1446"]
[BlackElo "1800"]
[PlyCount "115"]
[EventDate "2022.07.13"]
[EventType "swiss"]
[EventRounds "9"]
[EventCountry "BRA"]
[SourceTitle "CBM 209 Extra"]
[Source "ChessBase"]
[SourceDate "2022.09.30"]
[SourceVersion "1"]
[SourceVersionDate "2022.09.30"]
[SourceQuality "1"]

1. e4 c5 2. Nf3 d6 3. d4 cxd4 4. Nxd4 Nf6 5. Nc3 a6 6. a4 e6 7. Bg5 Nbd7 8. Be2 Be7 9. 0-0 0-0 10. Re1 Nc5 11. Bc4 d5 12. Bxf6 dxc4 13. Bxe7 Qxe7 14. Qe2 e5 15. Nd5 Qd6 16. Nf3 Re8 17. Qxc4 Bd7 18. b3 b5 19. axb5 Bxb5 20. Qc3 Rac8 21. Qd2 Red8 22. Rad1 Qg6 23. Qe3 Ne6 24. Nxe5 Qh5 25. Qg3 a5 26. Nf6+ Kf8 27. Nxh5 a4 28. Qxg7+ Nxg7 29. Rxd8+ Rxd8 30. Nxg7 Kxg7 31. c4 Ba6 32. bxa4 Bb7 33. f3 f6 34. Ng4 h5 35. Ne3 Ra8 36. Ra1 Ra5 37. Kf2 Kg6 38. h4 Rc5 39. a5 Ba6 40. Ra4 Rc8 41. Rb4 Rc5 42. Ra4 Kf7 43. Ke2 Ke6 44. Kd3 Ke5 45. g3 Kd6 46. f4 Kc6 47. Kd4 Kd6 48. Nd5 Kc6 49. Nxf6 Kb7 50. Kxc5 Kc7 51. e5 Kb8 52. Kb6 Bc8 53. a6 Ka8 54. Ra2 Be6 55. Rd2 Kb8 56. a7+ Ka8 57. Rd8+ Bc8 58. Rxc8# 1-0

[Event "Florianopolis Winter op 6th"]
[Site "Florianopolis"]
[Date "2022.07.14"]
[Round "4"]
[White "Lahoz, Cassiano Ricardo Ne"]
[Black "Andrade, Moacir Belarmino F"]
[Result "1-0"]
[WhiteElo "1760"]
[BlackElo "1446"]
[PlyCount "103"]
[EventDate "2022.07.13"]
[EventType "swiss"]
[EventRounds "9"]
[EventCountry "BRA"]
[SourceTitle "CBM 209 Extra"]
[Source "ChessBase"]
[SourceDate "2022.09.30"]
[SourceVersion "1"]
[SourceVersionDate "2022.09.30"]
[SourceQuality "1"]

1. e4 e5 2. Nf3 Nc6 3. Bb5 a6 4. Ba4 Bc5 5. c3 Nge7 6. 0-0 0-0 7. d4 exd4 8. cxd4 Ba7 9. d5 Nb8 10. Bg5 f6 11. Bh4 d6 12. h3 Nd7 13. Nc3 Ng6 14. Bg3 Nde5 15. Nxe5 fxe5 16. Kh2 Nf4 17. Ne2 b5 18. Bb3 Bd7 19. Qd2 g5 20. f3 Bb8 21. Ng1 Kg7 22. Bf2 Qf6 23. g3 Nxh3 24. Nxh3 Bxh3 25. Kxh3 h5 26. Be3 Kg6 27. Kg2 Rg8 28. Rh1 Rg7 29. Bd1 Rh7 30. Be2 c6 31. Rag1 c5 32. f4 g4 33. f5+ Kg7 34. Bg5 Qf7 35. f6+ Kg8 36. Qe1 Bc7 37. Qf2 Qg6 38. Qf5 Qxf5 39. exf5 Rf8 40. Rh2 Bd8 41. Rgh1 Bxf6 42. Bxf6 Rxf6 43. Rxh5 Rg7 44. R1h4 Kf7 45. Bxg4 Kf8 46. Rh8+ Rg8 47. Rxg8+ Kxg8 48. Kf3 Kg7 49. Bh3 Rf8 50. g4 Re8 51. g5 c4 52. f6+ 1-0

[Event "Florianopolis op 8th"]
[Site "Florianopolis"]
[Date "2022.01.28"]
[Round "7"]
[White "Andrade, Moacir Belarmino F"]
[Black "Spieker, Otavio Schmidt"]
[Result "1-0"]
[WhiteElo "1478"]
[BlackElo "1079"]
[PlyCount "135"]
[EventDate "2022.01.24"]
[EventType "swiss"]
[EventRounds "10"]
[EventCountry "BRA"]
[SourceTitle "CBM 206 Extra"]
[Source "ChessBase"]
[SourceDate "2022.03.31"]
[SourceVersion "1"]
[SourceVersionDate "2022.03.31"]
[SourceQuality "1"]

1. e4 e5 2. Nf3 Nc6 3. Bb5 d6 4. h3 Nf6 5. Nc3 a6 6. Be2 Nd4 7. Bd3 Nxf3+ 8. Qxf3 Be6 9. Nd5 Bxd5 10. exd5 e4 11. Bxe4 Nxe4 12. Qxe4+ Qe7 13. d3 Qxe4+ 14. dxe4 Be7 15. 0-0 0-0 16. g4 Bf6 17. c3 h6 18. Be3 Rfe8 19. f3 a5 20. a4 c6 21. c4 cxd5 22. cxd5 Reb8 23. Rab1 b5 24. b3 Rb7 25. axb5 Rxb5 26. Rfc1 Rab8 27. Rc6 Rxb3 28. Rc8+ Rxc8 29. Rxb3 Rc3 30. Rxc3 Bxc3 31. Bc1 Kf8 32. Kf1 Ke7 33. Ke2 Kd7 34. Kd3 Bb4 35. Kc4 Kc7 36. Kb5 Kd7 37. Bb2 f6 38. Bd4 Kc7 39. h4 Bd2 40. h5 Kb7 41. Bf2 Bc3 42. Be3 Kc7 43. Bb6+ Kd7 44. Bxa5 Be5 45. Bd2 Kc7 46. f4 Bd4 47. Kc4 Bg1 48. g5 fxg5 49. fxg5 Bh2 50. gxh6 gxh6 51. Bxh6 Be5 52. Bf8 Kd7 53. h6 Ke8 54. Bg7 Bxg7 55. hxg7 Kf7 56. Kb5 Kxg7 57. Kc6 Kf7 58. Kxd6 Ke8 59. Kc7 Ke7 60. d6+ Ke8 61. d7+ Ke7 62. d8Q+ Ke6 63. Qd4 Kf7 64. Kd7 Kg8 65. Ke7 Kh7 66. Kf7 Kh6 67. Qe5 Kh7 68. Qg7# 1-0

[Event "Florianopolis op 8th"]
[Site "Florianopolis"]
[Date "2022.01.24"]
[Round "1"]
[White "Andrade, Moacir Belarmino F"]
[Black "Guara Neto, Argemiro Braga"]
[Result "0-1"]
[WhiteElo "1478"]
[BlackElo "2060"]
[PlyCount "62"]
[EventDate "2022.01.24"]
[EventType "swiss"]
[EventRounds "10"]
[EventCountry "BRA"]
[SourceTitle "CBM 206 Extra"]
[Source "ChessBase"]
[SourceDate "2022.03.31"]
[SourceVersion "1"]
[SourceVersionDate "2022.03.31"]
[SourceQuality "1"]

1. e4 c5 2. Nf3 Nc6 3. d4 cxd4 4. Nxd4 g6 5. Nc3 Bg7 6. Be3 Nf6 7. Be2 0-0 8. Qd2 d5 9. Nxc6 bxc6 10. exd5 cxd5 11. 0-0 e5 12. Bg5 Be6 13. Rad1 d4 14. Bxf6 Bxf6 15. Ne4 Bg7 16. Nc5 Bd5 17. c3 Rc8 18. cxd4 exd4 19. b4 a5 20. a3 Ra8 21. Ra1 d3 22. Nxd3 Bxa1 23. Rxa1 Bc4 24. Rd1 Bxd3 25. Bxd3 axb4 26. axb4 Qd4 27. h3 Rfd8 28. b5 Ra3 29. Qc2 Rxd3 30. Rxd3 Qxd3 31. Qc7 Qd1+ 0-1

[Event "Pan American-ch U1700"]
[Site "Timbo"]
[Date "2021.12.04"]
[Round "7"]
[White "Do Amaral Vailant, Helena Ketheryne"]
[Black "Andrade, Moacir Belarmino F"]
[Result "1-0"]
[WhiteElo "1467"]
[BlackElo "1540"]
[PlyCount "93"]
[EventDate "2021.12.01"]
[EventType "swiss"]
[EventRounds "9"]
[EventCountry "BRA"]
[SourceTitle "CBM 205 Extra"]
[Source "ChessBase"]
[SourceDate "2022.01.31"]
[SourceVersion "1"]
[SourceVersionDate "2022.01.31"]
[SourceQuality "1"]

1. e4 c5 2. Nc3 e6 3. Nf3 Nc6 4. d3 a6 5. Be3 Nf6 6. h3 d5 7. Bg5 Be7 8. exd5 Nxd5 9. Bxe7 Ncxe7 10. Qd2 Qa5 11. Nxd5 Qxd2+ 12. Nxd2 Nxd5 13. 0-0-0 0-0 14. g3 Bd7 15. Bg2 Bc6 16. Rhg1 b6 17. f4 Rac8 18. Nc4 Rb8 19. Rde1 Nb4 20. a3 Nd5 21. Ne5 Be8 22. f5 Nc7 23. fxe6 Nxe6 24. Bc6 Bxc6 25. Nxc6 Rb7 26. h4 Rc7 27. Ne5 Nd4 28. Rgf1 b5 29. Ng4 b4 30. c3 bxc3 31. bxc3 Nb5 32. Kb2 Rb7 33. a4 Nd4+ 34. Ka2 Ne6 35. Rb1 Rd7 36. Rfd1 Rfd8 37. Ne5 Rd6 38. Rb7 f6 39. Nf7 Rxd3 40. Nxd8 Rxd1 41. Nxe6 Rd3 42. Rxg7+ Kh8 43. Kb3 Re3 44. Re7 h5 45. Re8+ Kh7 46. Ng5+ fxg5 47. Rxe3 1-0

[Event "Pan American-ch U1700"]
[Site "Timbo"]
[Date "2021.12.02"]
[Round "4"]
[White "Andrade, Moacir Belarmino F"]
[Black "Rodrigues Mota, Sophia Lorena"]
[Result "1-0"]
[WhiteElo "1540"]
[BlackElo "1425"]
[PlyCount "45"]
[EventDate "2021.12.01"]
[EventType "swiss"]
[EventRounds "9"]
[EventCountry "BRA"]
[SourceTitle "CBM 205 Extra"]
[Source "ChessBase"]
[SourceDate "2022.01.31"]
[SourceVersion "1"]
[SourceVersionDate "2022.01.31"]
[SourceQuality "1"]

1. e4 c5 2. Nf3 d6 3. d4 cxd4 4. Nxd4 Nf6 5. Nc3 Nbd7 6. Be2 a6 7. 0-0 e6 8. Re1 Be7 9. a3 0-0 10. Bc4 Qc7 11. Bxe6 Ne5 12. Bxc8 Raxc8 13. Nf5 Rfe8 14. Nxe7+ Rxe7 15. Bg5 Qc5 16. Bxf6 gxf6 17. Nd5 Rd7 18. c3 Kh8 19. b4 Qb5 20. Nf4 Re7 21. Qxd6 Rec7 22. Qxf6+ Kg8 23. Nd5 1-0

[Event "Santa Catarina State-ch 65th"]
[Site "Rio Negrinho"]
[Date "2021.07.25"]
[Round "6"]
[White "Andrade, Moacir Belarmino F"]
[Black "Centeno, Daniel de Medeiros"]
[Result "1/2-1/2"]
[WhiteElo "1570"]
[BlackElo "1293"]
[PlyCount "111"]
[EventDate "2021.07.22"]
[EventType "swiss"]
[EventRounds "7"]
[EventCountry "BRA"]
[SourceTitle "EXT 2022"]
[Source "ChessBase"]
[SourceDate "2021.10.06"]
[SourceVersion "1"]
[SourceVersionDate "2021.10.06"]
[SourceQuality "1"]

1. e4 e5 2. Nf3 Nc6 3. Bc4 Nf6 4. Ng5 d5 5. exd5 Nxd5 6. Nxf7 Kxf7 7. Qf3+ Ke6 8. Nc3 Ncb4 9. a3 Nxc2+ 10. Kd1 c6 11. Kxc2 Bc5 12. Ne4 Qe7 13. d3 h6 14. Bd2 Rf8 15. Qg3 Bd4 16. Bb4 c5 17. Ba5 Bd7 18. Qg6+ Rf6 19. Qg4+ Rf5 20. Ng3 Raf8 21. Nxf5 Rxf5 22. f4 Kd6 23. Bxd5 Rxf4 24. Qd1 Rf2+ 25. Kc1 Bxb2+ 26. Kb1 Bxa1 27. Kxa1 Kxd5 28. Qb3+ Kd6 29. Qxb7 Ra2+ 30. Kb1 Be6 31. Qa6+ Kd7 32. Qxa7+ Ke8 33. Qb8+ Kf7 34. Qxe5 Qb7+ 35. Bb4 Qxg2 36. Qc7+ Kg6 37. Qg3+ Qxg3 38. hxg3 cxb4 39. Re1 Bf7 40. axb4 Ra6 41. Kb2 h5 42. Kc3 Kg5 43. Re4 Ra3+ 44. Kd4 Bg6 45. Re3 Kg4 46. Kc4 Bf7+ 47. Kc5 h4 48. gxh4 Kxh4 49. Re7 Bg6 50. d4 Kg5 51. Rxg7 Kf6 52. Rc7 Be4 53. d5 Rc3+ 54. Kd6 Rxc7 55. Kxc7 Bxd5 56. b5 1/2-1/2

[Event "Santa Catarina State-ch 65th"]
[Site "Rio Negrinho"]
[Date "2021.07.23"]
[Round "2"]
[White "Silva, Guilherme Henrique"]
[Black "Andrade, Moacir Belarmino F"]
[Result "1-0"]
[WhiteElo "1769"]
[BlackElo "1570"]
[PlyCount "80"]
[EventDate "2021.07.22"]
[EventType "swiss"]
[EventRounds "7"]
[EventCountry "BRA"]
[SourceTitle "EXT 2022"]
[Source "ChessBase"]
[SourceDate "2021.10.06"]
[SourceVersion "1"]
[SourceVersionDate "2021.10.06"]
[SourceQuality "1"]

1. e4 e5 2. Nf3 Nc6 3. Bc4 Bc5 4. d3 h6 5. 0-0 Nf6 6. c3 0-0 7. Nbd2 d5 8. exd5 Nxd5 9. Re1 Re8 10. d4 Bb6 11. Nxe5 Na5 12. Qf3 Be6 13. Bd3 Nc6 14. Nxc6 bxc6 15. Ne4 Qh4 16. Qg3 Qxg3 17. hxg3 f5 18. Nd2 c5 19. dxc5 Bxc5 20. Nb3 Bb6 21. Bb5 Re7 22. Bd2 Rd8 23. c4 Nf6 24. Bb4 c5 25. Bxc5 Bxc5 26. Nxc5 Kf7 27. Rad1 Rc8 28. Nxe6 Rxe6 29. Rxe6 Kxe6 30. f3 a6 31. Ba4 Ke7 32. b3 a5 33. Kf2 Rd8 34. Rxd8 Kxd8 35. Ke3 Ke7 36. a3 Kd6 37. b4 g5 38. Bc2 Ke5 39. f4+ Ke6 40. bxa5 Ne8 1-0

[Event "Florianopolis op 7th"]
[Site "Florianopolis"]
[Date "2021.01.21"]
[Round "5"]
[White "Nunes, Allan Hurba"]
[Black "Andrade, Moacir Belarmino F"]
[Result "1-0"]
[WhiteElo "1946"]
[BlackElo "1578"]
[PlyCount "67"]
[EventDate "2021.01.18"]
[EventType "swiss"]
[EventRounds "10"]
[EventCountry "BRA"]
[SourceTitle "CBM 200 Extra"]
[Source "ChessBase"]
[SourceDate "2021.03.31"]
[SourceVersion "1"]
[SourceVersionDate "2021.03.31"]
[SourceQuality "1"]

1. c4 e5 2. Nc3 c6 3. e4 Nf6 4. Nf3 d6 5. Be2 Be7 6. 0-0 Qc7 7. d4 Nbd7 8. h3 0-0 9. Be3 h6 10. Qd2 Kh7 11. Rac1 a6 12. a3 b6 13. b4 Bb7 14. Bd3 Rfe8 15. Qb2 Qd8 16. Rfd1 Bf8 17. Bb1 Qe7 18. a4 Nh5 19. Ne2 g5 20. Ng3 Nxg3 21. fxg3 Bg7 22. Qf2 c5 23. bxc5 bxc5 24. d5 Rab8 25. g4 Nf6 26. Rf1 Bc8 27. Nxg5+ hxg5 28. Bxg5 Kg6 29. h4 Bxg4 30. Qg3 Kh5 31. Bc2 Rb2 32. Rxf6 Bxf6 33. Qxg4+ Kg6 34. Bxf6+ 1-0

[Event "Florianopolis op 7th"]
[Site "Florianopolis"]
[Date "2021.01.19"]
[Round "2"]
[White "Andrade, Moacir Belarmino F"]
[Black "Metidieri, Diogenes Galavotti"]
[Result "1-0"]
[WhiteElo "1578"]
[BlackElo "1179"]
[PlyCount "39"]
[EventDate "2021.01.18"]
[EventType "swiss"]
[EventRounds "10"]
[EventCountry "BRA"]
[SourceTitle "CBM 200 Extra"]
[Source "ChessBase"]
[SourceDate "2021.03.31"]
[SourceVersion "1"]
[SourceVersionDate "2021.03.31"]
[SourceQuality "1"]

1. e4 e6 2. d4 d5 3. e5 Nc6 4. Nf3 Nge7 5. Bd3 Ng6 6. 0-0 Be7 7. c3 0-0 8. Re1 h6 9. Nbd2 Bd7 10. Nf1 a6 11. Ng3 Bh4 12. Nxh4 Nxh4 13. Qh5 Nf5 14. Nxf5 exf5 15. Bxh6 g6 16. Qh3 Re8 17. Bf4 Ne7 18. Bg5 Be6 19. Bf6 Kf8 20. Qh6+ 1-0

[Event "Florianopolis op 6th"]
[Site "Florianopolis"]
[Date "2020.01.26"]
[Round "10"]
[White "Soares, Joao Carlos TC"]
[Black "Andrade, Moacir Belarmino F"]
[Result "1-0"]
[WhiteElo "2032"]
[BlackElo "1476"]
[PlyCount "54"]
[EventDate "2020.01.20"]
[EventType "swiss"]
[EventRounds "10"]
[EventCountry "BRA"]
[SourceTitle "CBM 194 Extra"]
[Source "ChessBase"]
[SourceDate "2020.03.31"]
[SourceVersion "1"]
[SourceVersionDate "2020.03.31"]
[SourceQuality "1"]

1. c4 e5 2. Nc3 Nf6 3. Nf3 Nc6 4. e4 d6 5. d4 exd4 6. Nxd4 Nxd4 7. Qxd4 Be7 8. Be2 0-0 9. 0-0 g6 10. Kh1 Bg4 11. b3 Be6 12. Be3 Ne8 13. Nd5 Bf6 14. Nxf6+ Qxf6 15. Qd2 h6 16. Rac1 Rd8 17. g4 Qe7 18. g5 h5 19. Rg1 c6 20. Qb4 Nc7 21. Qa3 Ra8 22. Rgd1 c5 23. Qb2 Bc8 24. Qf6 Qxf6 25. gxf6 Be6 26. e5 Bf5 27. Kg2 Rad8 1-0

[Event "Florianopolis op 6th"]
[Site "Florianopolis"]
[Date "2020.01.20"]
[Round "1"]
[White "Backes, Jorge Henrique Marx"]
[Black "Andrade, Moacir Belarmino F"]
[Result "1-0"]
[WhiteElo "1761"]
[BlackElo "1476"]
[PlyCount "67"]
[EventDate "2020.01.20"]
[EventType "swiss"]
[EventRounds "10"]
[EventCountry "BRA"]
[SourceTitle "CBM 194 Extra"]
[Source "ChessBase"]
[SourceDate "2020.03.31"]
[SourceVersion "1"]
[SourceVersionDate "2020.03.31"]
[SourceQuality "1"]

1. c4 e5 2. g3 Nc6 3. Bg2 Nf6 4. Nc3 Be7 5. e3 0-0 6. Nge2 d6 7. d4 Bg4 8. d5 Nb8 9. f3 Bd7 10. 0-0 Qc8 11. g4 h6 12. Ng3 c6 13. Bd2 Nh7 14. e4 Bg5 15. Nf5 Bxf5 16. exf5 Qd8 17. b4 Nd7 18. dxc6 bxc6 19. Bxg5 Qxg5 20. Qxd6 Qe3+ 21. Kh1 Qxc3 22. Qxd7 Qxc4 23. Qd6 Qd5 24. Rfd1 Qxd6 25. Rxd6 Rfb8 26. f4 Rxb4 27. fxe5 Rab8 28. Bxc6 Rxg4 29. Re1 Ng5 30. e6 fxe6 31. fxe6 Nh3 32. Rd2 Rg6 33. e7 Rxc6 34. e8Q+ 1-0

[Event "BRA-ch Regional Sul"]
[Site "Lages"]
[Date "2019.10.19"]
[Round "3"]
[White "Andrade, Moacir Belarmino F"]
[Black "Sabadin, Rosan"]
[Result "1-0"]
[WhiteElo "1464"]
[BlackElo "1412"]
[PlyCount "71"]
[EventDate "2019.10.18"]
[EventType "swiss"]
[EventRounds "5"]
[EventCountry "BRA"]
[SourceTitle "CBM 195 Extra"]
[Source "ChessBase"]
[SourceDate "2020.05.31"]
[SourceVersion "1"]
[SourceVersionDate "2020.05.31"]
[SourceQuality "1"]

1. d4 d5 2. c4 c6 3. Nf3 dxc4 4. e4 b5 5. a4 a6 6. axb5 cxb5 7. b3 Bg4 8. Bb2 e5 9. d5 Bb4+ 10. Nc3 Nf6 11. Be2 Nxe4 12. Rc1 0-0 13. 0-0 Nxc3 14. Bxc3 Bxc3 15. Rxc3 e4 16. Nd4 Bxe2 17. Nxe2 cxb3 18. Qxb3 Nd7 19. Rd1 Nb6 20. Rg3 Nc4 21. Qc3 g6 22. Nf4 Qd6 23. Ne2 Rac8 24. Qc1 f5 25. Qh6 Rc7 26. Nf4 Ne5 27. Ne6 Ng4 28. Qh4 Rc2 29. h3 Nxf2 30. Qh6 Rf7 31. Rxg6+ hxg6 32. Qxg6+ Kh8 33. Qh6+ Rh7 34. Qf6+ Kg8 35. Qg6+ Kh8 36. Qe8+ 1-0